Práce mimo pracovného pomeru v "novom" Zákonníku práce
Zákonník práce č. 311/2001 Z.z., ktorý nadobúda účinnosť 1.4.2002, priniesol viaceré výrazné zmeny v oblasti úpravy pracovnoprávnych vzťahov. Zasiahol aj do úpravy prác vykonávaných mimo pracovného pomeru. Právna úprava dohody o vykonaní práce v novom Zákonníku práce - par. 226. Právna úprava dohody...
Enregistré dans:
| Auteur principal: | |
|---|---|
| Format: | Chapitre de livre |
| Langue: | slovaque |
| Sujets: | |
| Tags: |
Pas de tags, Soyez le premier à ajouter un tag!
|
MARC
| LEADER | 00000naa a2200000 4500 | ||
|---|---|---|---|
| 001 | r043147 | ||
| 005 | 20231003084702.8 | ||
| 041 | 0 | |a slo | |
| 044 | |a SK | ||
| 245 | 1 | 0 | |a Práce mimo pracovného pomeru v "novom" Zákonníku práce |c Andrea Hlinčíková |
| 520 | |a Zákonník práce č. 311/2001 Z.z., ktorý nadobúda účinnosť 1.4.2002, priniesol viaceré výrazné zmeny v oblasti úpravy pracovnoprávnych vzťahov. Zasiahol aj do úpravy prác vykonávaných mimo pracovného pomeru. Právna úprava dohody o vykonaní práce v novom Zákonníku práce - par. 226. Právna úprava dohody o brigádnickej práci študentov v novom Zákonníku práce - par. 227. | ||
| 610 | 2 | 0 | |a zákonník práce |
| 610 | 2 | 0 | |a dohody o prácach mimo pracovného pomeru |
| 610 | 2 | 0 | |a dohody o činnosti pracovnej |
| 610 | 2 | 0 | |a dohody o vykonaní práce |
| 610 | 2 | 0 | |a úpravy právne |
| 610 | 2 | 0 | |a apríl |
| 610 | 2 | 0 | |a 2002 |
| 100 | 1 | |a Hlinčíková, Andrea | |